00835nac a22002297a 4500001001000000003000900010005001700019008003400036040005400070072000800124100002200132100002200154110008100176245013100257260004000388300001000428490006700438500004700505650002100552650001000573650002200583BR8206950BR-BrBNA20240105115555.0230509b bl.|||m| |||| 00| 0 por d aBR-BrBNAbporcBiblioteca Nacional de Agricultura aL601 aLucena, C.A.S. de1 aLucena, Z.M.S. de1 aPontificia Universidade Catolica do Rio Grande do Sul, Porto Alegre (Brasil)1 aCatalogo dos peixes marinhos do Museu de Ciencias da Pontificia Universidade Catolica do Rio Grande do Sul. Teleostomi (final)3 aPorto Alegre, RS (Brasil): c1982.  a80 p. aComunicacoes do Museu de Ciencias da PUCRGS (Brazil)vno. 25x aBibliography p. 64-68 (94 ref.); 21 illus. aTAXONOMIA ANIMAL aPEIXE aRIO GRANDE DO SUL